Harry Potter Spell Trials Quiz Stats

 Plays Quiz not verified by Sporcle

Score 0/22 Timer 05:00
0 Plays Today
Situation Spells Cast % Correct
????
100%
????
75.7%
????
54.1%
????
40.5%
????
39.2%
????
39.2%
????
32.4%
????
32.4%
????
32.4%
????
31.1%
????
28.4%
Situation Spells Cast % Correct
????
27%
????
25.7%
????
25.7%
????
25.7%
????
16.2%
????
12.2%
????
8.1%
????
6.8%
????
4.1%
????
4.1%
????
1.4%

You're not logged in!

Compare scores with friends on all Sporcle quizzes.
OR
Log In

Show Comments

Extras

Created Mar 17, 2014ReportNominate
Tags:Cast Quiz, death, passing, situation, trial

Top Quizzes Today


Score Distribution

Your Account Isn't Verified!

In order to create a playlist on Sporcle, you need to verify the email address you used during registration. Go to your Sporcle Settings to finish the process.

Report this User

Report this user for behavior that violates our Community Guidelines.

Details: